Quizzes
Events
Quiz Creation
Community
Videos
Private Events
Remove Ads
Sign In
Join for FREE
Feedback
Dark Mode
Quiz Categories
Sports
Geography
Music
Movies
Television
Just For Fun
Miscellaneous
History
Literature
Language
Science
Gaming
Entertainment
Religion
Holiday
For Kids
Quiz Lab
Recent
Popular Today
Quiz Kudos Today
Editor Picks
Curator Picks
Quizzes by...
Day
Popularity
Type
Ratings
Length
Year
Community
Subscriptions
Recent Discussions
Orange Saloon
Badges
Playlists
Quests
Create
Leaderboards
Showdown
Live 5
Trivia Bingo
Activity
Puzzle Library
Sporcle Events
Private Events
Virtual Trivia
Globe League
Become a Host
Pub Owners
SporcleCon
Opinionation
Our Games
Videos
Blog
Mobile Apps
Partnerships
Remove Ads and Go Orange
Feedback
Television
TV Characters
TV Show
Sitcom
Network
Friends
Reality Shows
Cast
South Park
Star Trek
The Simpsons
Doctor Who
Television
TV Characters
TV Show
Sitcom
Network
Friends
Reality Shows
Cast
South Park
Star Trek
The Simpsons
Doctor Who
Random Quiz
Search Sporcle
×
Quiz Lab
Quiz Lab
Television
chef
Type in answers that appear in a list
Type in answers that appear in a list
Classic
Best Score? Go Orange.
Contestants on The Next Iron Chef Stats
Can you name the Contestants on The Next Iron Chef?
By
anderson22
8m
38 Questions
16 Plays
16 Plays
16 Plays
Comments
Comments
Give Quiz Kudos
Give Quiz Kudos
-
- Ratings
hide this ad
Replay
Link that replays current quiz
Next Quiz
Link to next quiz in quiz playlist
You Got
0%
They Got
Avg Score
39%
Avg Friend Score
Upgrade to see
Score Distribution
Jump to the score distribution portion of the page
Score
0/38
Timer
08:00
0
Plays Today
Season
Contestant
% Correct
Season 1
Michael Symon
87.5%
Season 2
Jose Garces
68.8%
Season 2
Amanda Freitag
62.5%
Season 4
Anne Burrell
62.5%
Season 4
Geoffrey Zakarian
62.5%
Season 2
Nate Appleman
56.3%
Season 3
Marc Forgione
56.3%
Season 4
Beau MacMillan
56.3%
Season 1
John Besh
50%
Season 1
Chris Cosentino
50%
Season 1
Aaron Sanchez
50%
Season 3
Ming Tsai
50%
Season 4
Alex Guarnaschelli
50%
Season 4
Chuck Hughes
50%
Season 4
Marcus Samuelsson
50%
Season 3
Duskie Estes
43.8%
Season 4
Robert Irvine
43.8%
Season 2
Seamus Mullen
37.5%
Season 3
Marco Canora
37.5%
Season
Contestant
% Correct
Season 3
Maneet Chauhan
37.5%
Season 3
Celina Tio
37.5%
Season 4
Michael Chiarello
37.5%
Season 4
Spike Mendelsohn
37.5%
Season 2
Eric Greenspan
31.3%
Season 1
Traci Des Jardins
25%
Season 2
Dominique Crenn
25%
Season 2
Brad Farmerie
25%
Season 2
Jehangir Mehta
25%
Season 2
Roberto Trevino
25%
Season 3
Bryan Caswell
25%
Season 3
Mario Pagan
25%
Season 1
Jill Davie
18.8%
Season 1
Gavin Kaysen
18.8%
Season 1
Morou Ouattara
18.8%
Season 2
Holly Smith
18.8%
Season 3
Andrew Kirschner
18.8%
Season 3
Mary Dumont
12.5%
Season 4
Elizabeth Falker
0%
Quiz Playlist
Details
Report
Send in Message
Add To Playlist
Classic:
Type in answers that appear in a list
Last Updated: Feb 16, 2017
Quiz Scoreboard
CHALLENGE
Sign Up to Join the Scoreboard
Show All
Scores
Hide
Comments
May contain spoilers
Recently Published
9x9 Crossword: Cartoon Network
by jackfrog10
Miscellaneous
3m
College Basketball Coaching Resumes
by pancakes188
Sports
9m
Billboard Blitz: Fleetwood Mac
by CooCooCachoo
Music
15s
More to Explore
Quiz From the Vault
Featured Blog Post
Where Did the Easter Bunny Come From?
hide this ad
You Might Also Like...
Tags
chef
iron
Iron Chef
Next
season
Today's Top Quizzes in Television
Browse Television
hide this ad
Today's Top Quizzes in chef
Browse chef
Top Contributed Quizzes in Television
1
5-to-1: The Simpsons Families
2
5-to-1: Television Doctors
3
7-to-1: TV Show Settings
4
Adjectives in 00s TV Shows
5
Adjectives in 80s TV Shows
6
5-to-1: Streaming Originals
7
Adjectives in 10s TV Shows
8
Survivor Seasons
9
One Piece Logic Puzzle
10
All US Survivor Seasons in Order
Explore More
Trending Topics
Marvel
Anime
Kpop
Disney
NBA
Crossword
Harry Potter
Pokémon
Song
Country
The Office
Soccer
Puzzle
NFL
WWE
hide this ad
More By:
anderson22
Quiz
Plays
Rating
Category
Featured
Created
80's Band By Song
359
3.17
Music
Jan 12, 2012
Psych Trivia
303
2.00
Television
Oct 17, 2011
Cleveland Browns Starting Roster (2011-2012)
199
1.40
Sports
Jan 8, 2012
Soccer Teams By Player
162
5.00
Sports
Jun 7, 2012
Oldest Players In The NBA (2011-2012)
121
2.40
Sports
Jan 8, 2012
Go to Creator's Profile
Score Distribution
Quiz Creator Spotlight
anderson22
Follow
Send a Message
Quizzes Created
-
Created Quiz Play Count
-
More By This Creator
Popular Quizzes Today
1
Find the US States - No Outlines Minefield
2
Find the Countries of Europe - No Outlines Minefield
3
The Countries of the World
4
Find the US States
5
Risky Map Clicking: Biggest States A-Z
6
US States
7
Popular People in 1961
8
Movies - When Are They Set?
More Television Quizzes
The Dick Van Dyke Show: Buddy vs. Mel
Curator's Pick
Trending Quizzes
Risky Map Clicking: Least Populous States A-Z
1-10 Letter G Words
Risky Map Clicking: Next State Alphabetically
Adjectives in 80s TV Shows
Risky Map Clicking: Biggest States A-Z
Recently Updated
Leaping Animals
pecheneg
Reality TV Shows (A-Z)
bhenderson79
Rickey Henderson's Hall of Fame Teammates
pecheneg
Champions League XIs: Arsenal
pecheneg
Quick Pick: Celebrities in WWE's Hall of Fame
aduchscher
A-Z Keypad Blitz II
pecheneg
Multiple Oscar Actors
pecheneg
Mystery Phrase Blitz: Oscar 'Best Actors'
pecheneg
F. Scott Fitzgerald Novels
LTH
Pick 3 Villains
ddd62291
Trending Topics
Marvel
Crossword
Harry Potter
Kpop
Anime
Disney
NBA
Pokémon
Soccer
WWE
Puzzle
Song
The Office
Country
NFL
Your Account Isn't Verified!
In order to create a playlist on Sporcle, you need to verify the email address you used during registration. Go to your
Sporcle Settings
to finish the process.
Report this User
Report this user for behavior that violates our
Community Guidelines
.
Details:
Send Report
Go to the Sporcle.com Mobile Site →
Comments